Disney Movies A-Z - Statistics

General Stats
  • This quiz has been taken 1,821 times
  • The average score is 19 of 26
Answer Stats
Clue Answer % Correct
A Sleeping Beauty's actual name Aurora
94%
D Cruella DeVille wanted 101 of these Dalmatians
94%
O Elsa's snowman Olaf
92%
C Woody's profession Cowboy
91%
R Alice follows this animal Rabbit
90%
H Strongman who foils Hades Hercules
89%
N Where Peter Pan lives Neverland
89%
U Features a balloon-powered flying house Up
89%
J Princess of Agrabah Jasmine
88%
T Kissed a frog Tiana
84%
W Trash cleaning robot Wall-E
83%
P She rescues John Smith Pocahontas
81%
E Pooh's pessimistic pal Eeyore
80%
F Mr. Rider of "Tangled" Flynn
80%
M The independent heroine of "Brave" Merida
80%
B "Superhero" dog voiced by John Travolta Bolt
79%
I Where "The Jungle Book" takes place India
75%
S What Monsters Inc collected Screams
72%
Q Notre Dame bellringer Quasimodo
70%
L Enchanted candelabra in the Beast's castle Lumiere
68%
G He created Pinnocchio Gepetto
66%
X Marks a spot on the map to Treasure Island X
65%
K The Banks family flies these at the end of "Mary Poppins" Kites
62%
Y Turns the Emperor into a llama Yzma
54%
Z Jack Skellington's ghostly companion Zero
28%
V Capt. Nemo's secret base Vulcania
6%
No matching quizzes found
Score Distribution
Percent of People with Each Score
Percentile by Number Answered
Your Score History
You have not taken this quiz